Plyšáček

Saved in:
Bibliographic Details
Main Author Jukka, Behm
Format Electronic eBook
LanguageCzech
Published Yoli 2023
Edition1. elektronické vydání
Subjects
Online AccessDostupné v BOOKPORT po přihlášení pomocí eduID
ISBN978-80-242-9488-9
978-80-242-9348-6
Physical Description1 online zdroj (168 stran)

Cover

LEADER 00000nam a2200000 i 4500
001 bkp589138331
003 CZ-prgp
005 20241209143932.0
006 m o d
007 cr cn
008 241209s2023 xr o 000 1 cze
020 |a 978-80-242-9488-9  |c 239 Kč  |q (online ; epub) 
020 |a 978-80-242-9348-6  |c 239 Kč  |q (print) 
040 |a Grada  |b cze  |e rda 
100 1 |a Jukka, Behm 
245 1 0 |a Plyšáček  |c Behm Jukka 
250 |a 1. elektronické vydání 
264 1 |b Yoli  |c 2023 
300 |a 1 online zdroj (168 stran) 
336 |a text  |b txt  |2 rdacontent 
337 |a počítač  |b c  |2 rdamedia 
338 |a online zdroj  |b cr  |2 rdacarrier 
520 3 |a Emilie má tajemství. Nechává si od neznámých mužů na internetu platit za svůj čas. Její obdivovatelé se nezdráhají dát Emilii, co si přeje. Vydělat peníze se tak zdá překvapivě snadné. Emilie se navíc nemá komu svěřit. Rodiče jsou zaneprázdnění a nejlepší kamarádka na ni taky nemá čas. O jejím tajemství proto vědí jen její plyšové hračky. Emilii to nevadí, má přece všechno pod kontrolou. Nebo se plete? Doporučený věk 15+ 
650 0 4 |a Young Adult, New Adult 
650 0 4 |a Beletrie pro děti 
856 4 0 |u https://www.bookport.cz/AccountSaml/SignIn/?idp=https://shibboleth.utb.cz/idp/shibboleth&returnUrl=/kniha/plysacek-14295/  |y Dostupné v BOOKPORT po přihlášení pomocí eduID